书目信息 |
| 题名: |
最新制冷空调技术
|
|
| 作者: | 王如竹 , 丁国良 著 | |
| 分册: | ||
| 出版信息: | 北京 科学出版社 2002.09 |
|
| 页数: | 405页 | |
| 开本: | 24cm | |
| 丛书名: | ||
| 单 册: | ||
| 中图分类: | TB657.2 | |
| 科图分类: | ||
| 主题词: | 制冷装置--zhi leng zhuang zhi--基本知识 , 空气调节器--kong qi tiao jie qi--基本知识 | |
| 电子资源: | ||
| ISBN: | 7-03-010677-6 | |
| 000 | 01022nam0 2200301 450 | |
| 001 | CAL 012003003442 | |
| 005 | 20050913161743.17 | |
| 010 | @a7-03-010677-6@dCNY 38.00 | |
| 035 | @a0102900488 | |
| 099 | @aCAL 012003003442 | |
| 100 | @a20020927d2002 em y0chiy0121 ea | |
| 101 | 0 | @achi |
| 102 | @aCN@b110000 | |
| 105 | @aak a 000yy | |
| 200 | 1 | @a最新制冷空调技术@Azui xin zhi leng kong tiao ji shu@f王如竹,丁国良等著 |
| 210 | @a北京@c科学出版社@d2002.09 | |
| 215 | @a405页@c图@d24cm | |
| 320 | @a有书目(第405页) | |
| 330 | @a本书介绍了热泵/制冷技术的新发展、建筑物复合能量系统、新型通风空调技术等低温工程学科以及暖通空调学科中的前沿技术。 | |
| 517 | 1 | @a制冷空调技术@AZhi Leng Kong Tiao Ji Shu |
| 606 | 0 | @a制冷装置@Azhi leng zhuang zhi@x基本知识 |
| 606 | 0 | @a空气调节器@Akong qi tiao jie qi@x基本知识 |
| 690 | @aTB657.2@v4 | |
| 701 | 0 | @a王如竹@Awang ru zhu@4著 |
| 701 | 0 | @a丁国良@Ading guo liang@4著 |
| 801 | 0 | @aCN@bNLC@c20050913 |
| 905 | @a10447@dTB657.2@eW320 | |
| 906 | @dCNY38.00@n0@r1 | |
| 最新制冷空调技术/王如竹,丁国良等著.-北京:科学出版社,2002.09 |
| 405页:图;24cm |
| ISBN 7-03-010677-6:CNY 38.00 |
| 本书介绍了热泵/制冷技术的新发展、建筑物复合能量系统、新型通风空调技术等低温工程学科以及暖通空调学科中的前沿技术。 |
| ● |
| 相关链接 |
|
|
|
正题名:最新制冷空调技术
索取号:TB657.2/W320
 
预约/预借
| 序号 | 登录号 | 条形码 | 馆藏地/架位号 | 状态 | 备注 |
| 1 | 550948 | 205509485 | 自科库501/ [索取号:TB657.2/W320] | 在馆 | |
| 2 | 550949 | 205509494 | 自科库501/501自科库 18排3列5层/ [索取号:TB657.2/W320] | 在馆 |